| 000 | 00686nam a22002297i 4500 | ||
|---|---|---|---|
| 003 | URS | ||
| 005 | 20220114153320.0 | ||
| 008 | 171003b xxu||||| |||| 00| 0 eng d | ||
| 020 | _a9789712727719 | ||
| 040 |
_erda _cURSP-College Library _beng |
||
| 050 | _b001.64 Al2 2012 | ||
| 100 | 1 | _aAler III, Diosdado M. | |
| 245 |
_aBasic Computer _b Concepts word Processing _cDiosdado M. Aler III |
||
| 264 | 1 |
_aMandaluyong City _bAnvil Publishing, Incorporated _c2012. |
|
| 300 |
_a74pages _c21cm. |
||
| 336 |
_atext _btxt _2rdacontent |
||
| 337 |
_aunmediated _bn _2rdamedia |
||
| 338 |
_avolume _bnc _2rdacarrier |
||
| 500 | _aIncludes bibliography | ||
| 650 | 0 | _acomputer. | |
| 942 |
_2lcc _cF |
||
| 999 |
_c8421 _d8421 |
||